[Event "RUS-ch 71st"]
[Site "Satka"]
[Date "2018.09.01"]
[Round "7"]
[White "Dubov, Daniil"]
[Black "Fedoseev, Vladimir1"]
[Result "1/2-1/2"]
[WhiteElo "2691"]
[BlackElo "2707"]
[PlyCount "115"]
[EventDate "2018.08.24"]
[EventType "tourn"]
[EventRounds "11"]
[EventCountry "RUS"]
[EventCategory "18"]
[SourceTitle "CBM 186"]
[Source "ChessBase"]
[SourceDate "2018.09.14"]
[SourceVersion "1"]
[SourceVersionDate "2018.09.14"]
[SourceQuality "1"]

1. d4 d5 2. c4 e6 3. Nc3 a6 4. cxd5 exd5 5. Qb3 Nf6 6. Bg5 c6 7. e4 dxe4 8. Bc4 Qe7 9. a4 h6 10. Bxf6 gxf6 11. Nge2 f5 12. a5 ({RR} 12. f3 e3 13. Nf4 Bg7 14. Nce2 Nd7 15. O-O Nf8 16. Rfd1 Ne6 17. Nh5 Rg8 18. Qxe3 Qg5 19. Qxg5 hxg5 20. d5 cxd5 21. Nxg7+ Rxg7 22. Bxd5 Rb8 23. Rac1 Bd7 24. b3 b6 25. Bc6 Bxc6 26. Rxc6 Rg6 {Vijayakumar,R (2310)-Bharat Kumar,B (2052) Liverpool 2025 ½-½ (72)}) 12... Bg7 13. f3 e3 $146 ({RR} 13... exf3 14. gxf3 Bxd4 15. Bxf7+ Qxf7 16. Nxd4 c5 17. Kf2 Qxb3 18. Nxb3 c4 19. Nd5 Kf7 20. Nb6 Ra7 21. Nc5 Nc6 22. Rhd1 Nb4 23. Ra4 Nc6 24. Raa1 Rg8 25. Rd6 Rh8 26. f4 h5 27. Rg1 Nxa5 28. Rdg6 {Yildiz,E (2127)-Javadov,H (2199) Plovdiv BUL 2024 1-0}) ({RR} 13... exf3 14. gxf3 Bxd4 15. Bxf7+ Qxf7 16. Nxd4 c5 17. Kf2 Qxb3 18. Nxb3 c4 19. Nd5 Kf7 20. Nb6 Ra7 21. Nc5 Nc6 22. Rhd1 Nb4 23. Ra4 Nc6 24. Raa1 Rg8 25. Rd6 Rh8 26. f4 h5 27. Rg1 Nxa5 28. Rdg6 {Yildiz,E (2127)-Javadov,H (2199) Plovdiv BUL 2024 1-0}) 14. Nf4 Nd7 15. Nce2 Rb8 16. O-O h5 17. Rfd1 b5 18. axb6 Rxb6 19. Qc3 Kf8 20. Ra3 Bh6 21. Qc1 Qd6 22. Rxe3 Rb4 23. Ba2 a5 24. Rc3 Bb7 25. Kh1 h4 26. Qc2 Bxf4 27. Qxf5 Qf6 28. Qxf6 Nxf6 29. Nxf4 Rxb2 30. Ra3 Rg8 31. Rxa5 c5 32. Rb1 Rxb1+ 33. Bxb1 cxd4 34. Ra7 Bc8 35. Ba2 Nd7 36. Nd3 Kg7 37. Kg1 Rd8 38. Kf2 Kg6 39. Bb3 Kf6 40. Rc7 Kg7 41. Bc4 Rf8 42. Rc6 Rh8 43. Bb3 Re8 44. Rd6 Ne5 45. Nf4 Bf5 46. Rxd4 Rb8 47. Bd1 Rh8 48. Rd5 Kf6 49. Rd6+ Kg7 50. Rd4 Ng6 51. Nd5 Rb8 52. Be2 Rb2 53. Ne3 Be6 54. Re4 Kf6 55. f4 Ne7 56. g4 hxg3+ 57. hxg3 Nd5 58. Rc4 1/2-1/2

[Event "UKR-ch 87th"]
[Site "Kiev"]
[Date "2018.12.19"]
[Round "8"]
[White "Kuzubov, Yuriy"]
[Black "Korobov, Anton"]
[Result "0-1"]
[WhiteElo "2655"]
[BlackElo "2698"]
[PlyCount "102"]
[EventDate "2018.12.11"]
[EventType "tourn"]
[EventRounds "9"]
[EventCountry "UKR"]
[EventCategory "15"]
[SourceTitle "CBM 187 Extra"]
[Source "ChessBase"]
[SourceDate "2018.11.04"]
[SourceVersion "1"]
[SourceVersionDate "2018.11.04"]
[SourceQuality "1"]

1. d4 d5 2. c4 c6 3. e3 Nf6 4. Nc3 e6 5. Bd3 Nbd7 6. a3 Bd6 7. c5 Bc7 8. f4 b6 9. b4 a5 10. Bd2 bxc5 $146 ({RR} 10... Ba6 11. Bxa6 Rxa6 12. Nge2 b5 13. bxa5 Bxa5 14. a4 Bxc3 15. Nxc3 bxa4 16. Rxa4 Qa8 17. O-O Rxa4 18. Qxa4 Qxa4 19. Nxa4 Ke7 20. Nc3 Rb8 21. Rb1 Rxb1+ 22. Nxb1 Ne4 23. Be1 h5 24. Kf1 f6 25. Na3 {Nguyen Huynh Tuan,H (1790)-Xu,H (2328) Ho Chi Minh City 2012 ½-½ (48)}) 11. bxc5 Ba6 12. Bxa6 Rxa6 13. Nge2 O-O 14. O-O Kh8 15. Rb1 Qc8 16. Qc2 Ng8 17. h3 Ne7 18. g4 Ra7 19. Kg2 f6 20. Be1 e5 21. Bg3 exd4 22. Nxd4 Re8 23. Na4 Nf8 24. Nb6 Qa6 25. Rb2 Rb7 26. Rfb1 Reb8 27. f5 Bxg3 28. Kxg3 Re8 29. Kg2 h6 30. h4 Rc7 31. Qe2 Qa7 32. Qf3 Ng8 33. Qg3 Re5 34. Kf2 Qa6 35. g5 Qd3 36. Re1 Rce7 37. Rb3 Qd2+ 38. Re2 Qc1 39. Rc2 Rxf5+ 40. Kg2 Qf1+ 41. Kh2 Qd1 42. Rf2 Rxf2+ 43. Qxf2 Re4 44. Rb2 hxg5 45. Nf3 Nh6 46. Qe2 Qc1 47. hxg5 fxg5 48. Rc2 Qxa3 49. Nxg5 Rh4+ 50. Nh3 Ne6 51. Kg2 Rxh3 0-1

[Event "TUR-chT"]
[Site "Ankara"]
[Date "2018.07.26"]
[Round "2.4"]
[White "Mchedlishvili, Mikheil"]
[Black "Baryshpolets, Andrey"]
[Result "1/2-1/2"]
[WhiteElo "2608"]
[BlackElo "2603"]
[PlyCount "80"]
[EventDate "2018.07.25"]
[EventType "team-tourn"]
[EventRounds "13"]
[EventCountry "TUR"]
[SourceTitle "CBM 185 Extra"]
[Source "ChessBase"]
[SourceDate "2018.07.29"]
[SourceVersion "1"]
[SourceVersionDate "2018.07.29"]
[SourceQuality "1"]
[WhiteTeam "Tarsus Zeka"]
[BlackTeam "Karaman Belediye"]
[WhiteTeamCountry "TUR"]
[BlackTeamCountry "TUR"]

1. d4 d5 2. c4 e6 3. Nc3 Be7 4. cxd5 exd5 5. Bf4 c6 6. e3 Bf5 7. g4 Be6 8. Qb3 b5 9. Qd1 Nd7 10. Bd3 a6 11. h3 c5 12. dxc5 Nxc5 13. Nf3 Nf6 14. Nd4 Rc8 15. O-O $146 ({RR} 15. f3 Nfd7 16. Kf2 Bf6 17. Nce2 O-O 18. Bc2 g6 19. Qd2 Ne5 20. b3 Bd7 21. Rad1 Ne6 22. Nxe6 Bxe6 23. g5 Bg7 24. Bb1 Nc6 25. h4 Qd7 26. h5 Rfd8 27. hxg6 hxg6 28. Nd4 Nxd4 29. exd4 Bf5 {Sargissian,G (2691)-Meier,G (2639) Batumi 2018 ½-½ (32)}) 15... O-O 16. Rc1 Nxd3 17. Qxd3 Nd7 18. Nce2 Nc5 19. Qb1 Qb6 20. f3 Bf6 21. Bg3 b4 22. Rfd1 g6 23. Kg2 Bg7 24. b3 Bd7 25. Nf4 Qb7 26. Nd3 Nxd3 27. Qxd3 Qb6 28. Qd2 Rfe8 29. Rxc8 Rxc8 30. Bf2 Qb7 31. Rc1 a5 32. Bg3 Qb6 33. Rxc8+ Bxc8 34. Qc2 Bd7 35. Qc7 Qxc7 36. Bxc7 Bxd4 37. exd4 a4 38. Bd6 axb3 39. axb3 Bb5 40. Bxb4 f6 1/2-1/2

[Event "Buenos Aires Szmetan Giardelli"]
[Site "Buenos Aires"]
[Date "2018.12.13"]
[Round "10"]
[White "Granda Zuniga, Julio E"]
[Black "Flores, Diego"]
[Result "1/2-1/2"]
[WhiteElo "2650"]
[BlackElo "2631"]
[PlyCount "52"]
[EventDate "2018.12.04"]
[EventType "tourn"]
[EventRounds "11"]
[EventCountry "ARG"]
[EventCategory "13"]
[SourceTitle "CBM 187 Extra"]
[Source "ChessBase"]
[SourceDate "2018.11.04"]
[SourceVersion "1"]
[SourceVersionDate "2018.11.04"]
[SourceQuality "1"]

1. d4 {Hertneck,Gerald} d5 2. c4 e6 3. Nc3 c6 4. Nf3 dxc4 5. a4 Bb4 6. Bd2 ({RR} 6. e3 b5 7. Bd2 a5 8. axb5 Bxc3 9. Bxc3 cxb5 10. b3 Bb7 11. bxc4 b4 12. Bb2 Nf6 13. Bd3 Nbd7 ({RR} 13... Be4 14. Bxe4 Nxe4 15. Qc2 Nf6) 14. Qc2 O-O 15. O-O ({RR} 15. e4 e5) 15... Qc7 16. e4 e5 17. Rfe1 ({RR} 17. dxe5 Ng4) 17... Rfe8 18. c5 exd4 19. Bxd4 h6 ({RR} 19... Ba6 20. Bxa6 Rxa6 21. Qc4) 20. e5 ({RR} 20. h3 Bc6 21. e5 Nd5 22. e6 Rxe6 23. Rxe6 fxe6 24. Bh7+ Kh8 25. Bxg7+ Kxg7 26. Qg6+ Kh8 27. Qxh6 Nf8) 20... Nd5) 6... Nf6 7. e3 c5 ({RR} 7... b5 8. axb5 Bxc3 9. Bxc3 cxb5 10. b3 a5 11. bxc4 Ne4 12. Bb2 b4 13. Bd3) 8. dxc5 O-O 9. Bxc4 Nc6 10. O-O Bxc5 11. Qb1 ({RR} 11. Qe2 e5 ({RR} 11... Qe7 12. e4 e5 13. Bg5) 12. Ng5 Bf5 13. Rad1 ({RR} 13. Bxf7+ Rxf7 14. Nxf7 ({RR} 14. Qc4 Bg6 15. Nxf7 Bxf7 16. Qxc5 Qxd2) 14... Kxf7 15. Qc4+ Be6 16. Qxc5 Qxd2) 13... Qe7 ({RR} 13... h6 14. Nxf7 Rxf7 15. Bxf7+ Kxf7 16. Qc4+) ({RR} 13... Bc2 14. Rc1 Bg6) 14. f3 Bg6 ({RR} 14... e4 15. Ngxe4 Nxe4 16. fxe4 Bxe4 17. Nxe4 Qxe4 18. Rxf7 Rxf7 19. Bxf7+ Kxf7 20. Qh5+ Kg8 21. Qxc5 b6 ({RR} 21... Rd8 22. Rf1) ({RR} 21... Qxa4 22. Qd5+ Kh8 23. Bc3) 22. Qb5) ({RR} 14... Rad8 15. Nge4 Nxe4 ({RR} 15... Bxe4 16. fxe4) 16. Nxe4 ({RR} 16. fxe4 Be6 17. Nd5 Qg5 18. Qd3) 16... Bxe4 17. fxe4 Kh8) 15. Nge4 Nxe4 16. Nxe4 ({RR} 16. fxe4 Qg5 17. Rde1 Rad8) 16... Bb4 ({RR} 16... Bxe4 17. fxe4 Rad8) ({RR} 16... Bb6 17. Bd5 Kh8 18. Bxc6 bxc6 19. Qc4 f5 20. Nf2) 17. Bd5 Kh8 18. Qb5 Rab8 ({RR} 18... a6 19. Qb6 Bxe4 20. Bxb4 Nxb4 21. Bxe4) 19. Bxb4 ({RR} 19. Bxc6 bxc6 20. Qxc6 Rfc8 21. Qd5 Rd8 22. Bxb4) ({RR} 19. Rf2 Rfd8 ({RR} 19... f5 20. Bxb4 Nxb4 21. Qc5 Qxc5 22. Nxc5) 20. Bxb4 Nxb4 21. Rfd2 Nxd5 22. Rxd5 Bxe4 ({RR} 22... Rxd5 23. Rxd5 Bxe4 24. Rxe5) 23. Qxb7 Qg5 24. Rxd8+ Rxd8 25. Rxd8+ Qxd8 26. Qxe4) 19... Nxb4 20. Qc5 ({RR} 20. Nc5 Nc2) ({RR} 20. Bb3) 20... Qxc5 21. Nxc5 Bc2 22. Rd2 Rbd8 ({RR} 22... Rfd8 23. e4 b6 24. Na6 Nxa6 25. Rxc2 Nb4 26. Rc7 Nxd5 27. exd5 {RR} Rxd5 28. Rxf7) 23. e4 b6 24. Na6 ({RR} 24. Nb7 Rd7 25. a5 Bb3 ({RR} 25... Bd3 26. Ra1 Ba6 27. axb6 axb6 28. Ra4) 26. axb6 axb6) 24... Nxd5 25. exd5 Bxa4 {Hertneck,G (2530)-Kasparov,G (2780) Baden-Baden 1992 CBM 028 [Hertneck,Gerald] ½-½}) ({RR} 11. Qc2) 11... Qe7 $146 ({RR} 11... e5 12. h3 Qe7 13. Ng5 g6 14. Kh1 Kg7 15. f4 exf4 16. Rxf4 Bd6 17. Rh4 h6 18. e4 hxg5 19. Bxg5 Qe5 20. Bh6+ Kg8 21. Qg1 Nh5 22. Ne2 Bc5 23. Qf1 Be6 24. Rc1 Nd4 25. Rxh5 Qxh5 26. Qf4 {Alfred,N (2227)-Kaganskiy,G (2294) Jerusalem 2017 0-1}) ({RR} 11... e5 12. Rd1 Qe7 13. Ng5 g6 14. Nge4 Bf5 15. Bd3 Nxe4 16. Bxe4 Bxe4 17. Qxe4 Nb4 18. a5 b6 19. h3 Rad8 20. axb6 axb6 21. Na4 f5 22. Qc4+ Qf7 23. Qxf7+ Kxf7 24. Bxb4 Bxb4 25. Nxb6 Rxd1+ 26. Rxd1 {Gustafsson,J (2645)-Suarez Garcia,C (2445) chess24.com INT 2019 1-0 (59)}) 12. Ne4 Nxe4 13. Qxe4 Bd7 14. Bc3 Rad8 15. h4 Bb4 16. Rfc1 g6 17. h5 Bxc3 18. Rxc3 Na5 19. hxg6 hxg6 20. Ne5 Nc6 21. Nxd7 Rxd7 22. Bb5 Rd2 23. Bxc6 bxc6 24. Rxc6 Qf6 25. Rf1 Rxb2 26. Rc2 Rxc2 1/2-1/2

[Event "Bundesliga 1718"]
[Site "Germany"]
[Date "2018.02.24"]
[Round "9.3"]
[White "Wojtaszek, Radoslaw"]
[Black "Lupulescu, Constantin"]
[Result "1-0"]
[WhiteElo "2737"]
[BlackElo "2620"]
[PlyCount "67"]
[EventDate "2017.10.21"]
[EventType "team-tourn"]
[EventRounds "15"]
[EventCountry "GER"]
[SourceTitle "CBM 183"]
[Source "ChessBase"]
[SourceDate "2018.03.14"]
[SourceVersion "1"]
[SourceVersionDate "2018.03.14"]
[SourceQuality "1"]
[WhiteTeam "Baden-Baden"]
[BlackTeam "Aachen"]
[WhiteTeamCountry "GER"]
[BlackTeamCountry "GER"]

1. d4 d5 2. c4 e6 3. Nc3 a6 4. cxd5 exd5 5. Bf4 Nf6 6. e3 Bd6 7. Bg5 Be6 8. Bd3 h6 9. Bh4 Nbd7 10. Nge2 Qe7 ({RR} 10... O-O 11. Qc2 Re8 12. h3 Rc8 13. O-O c6 14. f3 c5 15. Bf2 cxd4 16. exd4 Nh5 17. Qd2 Bb8 18. f4 f5 19. Rfe1 Ndf6 20. Rac1 Ne4 21. Bxe4 fxe4 22. g4 Nf6 23. f5 Bf7 24. Nf4 Nh7 25. Kg2 {Aradhya,G (2429)-Grandelius,N (2666) chess.com INT 2026 0-1 (46)}) 11. h3 c6 $146 ({RR} 11... Nb6 12. Qc2 g5 13. Bg3 Nh5 14. Bxd6 Qxd6 15. O-O-O O-O-O 16. g4 Ng7 17. f4 Bd7 18. e4 dxe4 19. Nxe4 Qe7 20. f5 Ne8 21. N2c3 Nf6 22. Rhe1 Nxe4 23. Nxe4 Ba4 24. b3 Bc6 25. Qc5 Qd7 26. Bc2 {Charochkina,D (2381)-Zawadzka,J (2449) Riga 2017 ½-½ (51)}) ({RR} 11... g5 12. Bg3 Nh5 13. Bxd6 Qxd6 14. Qc2 O-O-O 15. O-O-O Kb8 16. Kb1 f5 17. Bxf5 Bxf5 18. Qxf5 Rhf8 19. Qg4 Qg6+ 20. e4 Rxf2 21. Rhf1 Ndf6 22. Qe6 Rxg2 23. Qf5 Qxf5 24. Rxf5 Nxe4 25. Nxe4 dxe4 26. Nc3 {Levin,E (2543)-Usmanov,V (2464) St Petersburg 2018 0-1 (34)}) 12. Qc2 Rc8 13. O-O Nb6 14. Rae1 O-O 15. f4 c5 16. Ng3 Qd8 17. Nh5 Be7 18. Bxf6 Bxf6 19. Nxf6+ Qxf6 20. dxc5 Rxc5 21. Qf2 Rcc8 22. e4 dxe4 23. Nxe4 Qd8 24. Rd1 Bd5 25. Bb1 Qc7 26. Nf6+ gxf6 27. Qg3+ Kh8 28. Qh4 Rfe8 29. Qxh6+ Kg8 30. Bh7+ Kh8 31. Bf5+ Kg8 32. Rd3 Qc5+ 33. Kh2 Re3 34. b4 1-0

[Event "EU-Cup 33rd"]
[Site "Antalya"]
[Date "2017.10.10"]
[Round "3.6"]
[White "Nepomniachtchi, Ian"]
[Black "Bartel, Mateusz"]
[Result "1/2-1/2"]
[WhiteElo "2733"]
[BlackElo "2613"]
[PlyCount "121"]
[EventDate "2017.10.08"]
[EventType "team-swiss"]
[EventRounds "7"]
[EventCountry "TUR"]
[SourceTitle "CBM 181"]
[Source "ChessBase"]
[SourceDate "2017.11.10"]
[SourceVersion "1"]
[SourceVersionDate "2017.11.10"]
[SourceQuality "1"]
[WhiteTeam "Globus"]
[BlackTeam "Novy Bor"]
[WhiteTeamCountry "RUS"]
[BlackTeamCountry "CZE"]

1. c4 e6 2. Nc3 d5 3. d4 a6 4. cxd5 exd5 5. Qb3 c6 6. e4 dxe4 7. Bc4 Qe7 8. a4 Nf6 9. Bg5 ({RR} 9. Nge2 g6 10. O-O Bg7 11. Ng3 O-O 12. Re1 Nbd7 13. Bf4 b5 14. axb5 cxb5 15. Bd5 Nxd5 16. Nxd5 Qh4 17. Rxe4 Nf6 18. Nxf6+ Qxf6 19. Be5 Qe6 20. Qe3 f6 21. Bf4 Qd5 22. Rc1 Bb7 23. Rc5 Qa2 {Jihan Tejas Shah (2319)-Papasimakopoulos,A (2348) chess.com INT 2026 0-1 (47)}) 9... h6 10. Bxf6 gxf6 11. d5 $146 ({RR} 11. Nge2 f5 12. a5 h5 13. O-O-O Nd7 14. f3 Nf6 15. Kb1 Bh6 16. d5 O-O 17. fxe4 fxe4 18. Rhf1 Qe5 19. Qb6 Bg7 20. dxc6 bxc6 21. Qxc6 Bf5 22. Ba2 Rab8 23. Qd6 Qxa5 24. Bxf7+ Kh8 25. Rxf5 Qxf5 {Inarkiev,E (2658)-Nikitenko,M (2529) Sochi RUS 2024 1-0 (37)}) ({RR} 11. Nge2 f5 12. a5 Bg7 13. f3 e3 14. Nf4 Nd7 15. Nce2 Rb8 16. O-O h5 17. Rfd1 b5 18. axb6 Rxb6 19. Qc3 Kf8 20. Ra3 Bh6 21. Qc1 Qd6 22. Rxe3 Rb4 23. Ba2 a5 24. Rc3 Bb7 25. Kh1 h4 {Dubov,D (2691)-Fedoseev,V (2707) Satka 2018 ½-½ (58)}) ({RR} 11. Nge2 f5 12. a5 h5 13. O-O-O Nd7 14. f3 Nf6 15. Kb1 Bh6 16. d5 O-O 17. fxe4 fxe4 18. Rhf1 Qe5 19. Qb6 Bg7 20. dxc6 bxc6 21. Qxc6 Bf5 22. Ba2 Rab8 23. Qd6 Qxa5 24. Bxf7+ Kh8 25. Rxf5 Qxf5 {Inarkiev,E (2658)-Nikitenko,M (2529) Sochi RUS 2024 1-0 (37)}) 11... f5 12. Nge2 Nd7 13. O-O Ne5 14. dxc6 bxc6 15. Nd5 cxd5 16. Bxd5 Be6 17. Nf4 Bg7 18. Bxe6 fxe6 19. Nxe6 Kf7 20. Nf4+ Kf8 21. Rac1 Re8 22. Nd5 Qd6 23. Rc7 Nd3 24. Nf4 Ne5 25. Rfc1 Re7 26. Rc8+ Re8 27. Ne6+ Kf7 28. R8c7+ Re7 29. Rxe7+ Kxe7 30. Nxg7 Kf6 31. Nh5+ Kg5 32. Ng3 Rd8 33. Qe3+ Kg6 34. Qe2 Ng4 35. h3 Nf6 36. a5 Rb8 37. Rc3 Rb5 38. Qc2 Rxa5 39. Rc6 Ra1+ 40. Kh2 Qd1 41. Rxf6+ Kxf6 42. Qc6+ Ke5 43. Qe8+ Kd4 44. Nxf5+ Kd3 45. Qe5 Qg1+ 46. Kg3 Qb1 47. Nxh6 Ke2 48. Ng4 Qd3+ 49. Ne3 Rc1 50. h4 Rc8 51. Qf4 Ke1 52. Kh2 Re8 53. h5 Qb5 54. Qf7 Rh8 55. g4 Qxb2 56. Kg1 Rc8 57. Ng2+ Ke2 58. Nf4+ Ke1 59. Ng2+ Ke2 60. Nf4+ Ke1 61. Ng2+ 1/2-1/2

[Event "Bundesliga 1718"]
[Site "Germany"]
[Date "2017.11.12"]
[Round "4.5"]
[White "Ponomariov, Ruslan"]
[Black "Meier, Georg"]
[Result "1/2-1/2"]
[WhiteElo "2687"]
[BlackElo "2655"]
[PlyCount "50"]
[EventDate "2017.10.21"]
[EventType "team-tourn"]
[EventRounds "15"]
[EventCountry "GER"]
[SourceTitle "CBM 182"]
[Source "ChessBase"]
[SourceDate "2018.01.17"]
[SourceVersion "1"]
[SourceVersionDate "2018.01.17"]
[SourceQuality "1"]
[WhiteTeam "Hockenheim"]
[BlackTeam "Deizisau"]
[WhiteTeamCountry "GER"]
[BlackTeamCountry "GER"]

1. d4 {Stohl,Igor Baldauf,Marco} e6 2. c4 d5 3. Nc3 Be7 4. cxd5 exd5 5. Bf4 c6 6. Qc2 ({RR} 6. e3 Bf5 7. g4 ({RR} 7. Nge2) ({RR} 7. Bd3 Bxd3 8. Qxd3 Nf6 9. Nge2 Nh5 10. Bxb8 Rxb8 11. f3 O-O 12. O-O f5 13. a3 a6 14. b4 Qd7 15. Rae1 Rbe8 16. Nc1 a5 17. bxa5 Bxa3 18. Nxd5 Bxc1 19. Nb6 Qe6 20. Rxc1 Qxe3+ 21. Qxe3 Rxe3) 7... Be6 8. h4 Nd7 9. g5 ({RR} 9. h5) ({RR} 9. Bg3) 9... h6 10. g6 Ngf6 ({RR} 10... fxg6 11. Bd3 Nf8 ({RR} 11... Bf7 12. Qc2 Nf8 13. Nf3) 12. Nf3 Bf5 13. Ne5 Nf6 14. Rg1 Ne4 ({RR} 14... Rg8) 15. Bxe4 Bxe4 ({RR} 15... dxe4 16. Qb3) 16. Nxe4 dxe4 17. Qb3 Qa5+ 18. Kf1 ({RR} 18. Ke2 Qa6+ 19. Kd1) 18... Qb5+ 19. Qxb5 cxb5 20. Rc1 Bxh4 21. Bh2 Bd8 ({RR} 21... h5 22. Rc7) 22. Rg4 Nd7 23. Rxg6 Bf6 24. Rc7 Nf8 25. Rg4) 11. gxf7+ Bxf7 12. Bd3 ({RR} 12. Nf3 Nh5) 12... Nh5 13. Be5 O-O 14. Qg4 Nhf6 15. Qg3 Nh5 16. Qg2 Nxe5 17. dxe5 Bb4 18. Nf3 d4 19. Nxd4 Nf4 20. exf4 Qxd4) 6... Nf6 7. h3 ({RR} 7. e3 Nh5 8. Be5 ({RR} 8. Bg3 Nd7 9. Bd3 g6 10. Nf3 O-O 11. Rb1 a5 12. a3 Re8 ({RR} 12... Nxg3 13. hxg3 Nf6) 13. Nxd5 cxd5 14. Bc7) 8... Nd7 9. Be2 ({RR} 9. Nf3 Nxe5 10. Nxe5 g6 11. Bd3 Ng7 12. O-O-O Bf5 13. g4 Bxd3 14. Nxd3 Qd7 15. h3 O-O-O 16. Kb1 Kb8 17. Rc1 Bd6 18. Na4 f5 19. Nac5 Qe7 20. gxf5 Nxf5 21. Qb3 Rhf8) 9... Nxe5 10. dxe5 g6 11. Bxh5 gxh5 12. O-O-O ({RR} 12. Nf3 f6 13. O-O ({RR} 13. e4 d4 14. exf6 Bxf6 15. O-O-O) 13... Bg4 14. exf6 Bxf6 15. Nd4 O-O 16. f3 Bd7 17. Rad1 Rc8 ({RR} 17... Qe7 18. Rfe1 Qg7) 18. Rfe1 Bg7 19. e4 c5 20. Nf5 Bxf5 21. exf5 d4 22. Qe4 ({RR} 22. Qb3+) 22... Qd7 23. g4 Rfe8 24. Qd5+ Qxd5 25. Nxd5 Rxe1+ 26. Rxe1 Rd8) ({RR} 12. Rd1 f6 13. exf6 Bxf6 14. Nge2 O-O ({RR} 14... Qe7 15. e4 d4 16. Nxd4 Qg7 17. Nde2 ({RR} 17. Nce2 Qxg2 18. Rg1 Qxh2 19. Qb3 Rf8 20. Ne6) 17... Qxg2 18. Rg1 Qxh2 19. Qb3 Rf8 20. f4 Bg4 21. Rxg4 hxg4 22. Qe6+ Be7 23. Rd7 Qh4+ 24. Kf1 Rf7 25. Rxb7 Kf8 26. Qxc6 Rd8) 15. O-O ({RR} 15. e4 Qb6 ({RR} 15... Bg4)) 15... Qe8 16. e4 dxe4 ({RR} 16... Qg6) 17. Nxe4 Bg7 18. N2c3 ({RR} 18. N2g3) 18... Bf5 19. Qb3+ Qe6 20. Qxe6+ Bxe6 21. Rd6 Rae8 22. Re1 b5 23. a3 a5 24. h4 b4 25. axb4 axb4 26. Na4 Bd5)) ({RR} 7. Nf3 g6 8. e3 Bf5 9. Bd3 Bxd3 10. Qxd3 Nbd7 11. O-O O-O 12. h3 Re8 13. Rab1 a5 14. Rfc1 Nb6 ({RR} 14... Bf8) 15. Nd2 Nh5 16. Bh2 Bd6 17. Bxd6 Qxd6 18. a3 Nf6 19. b4 Nfd7 20. bxa5 Rxa5 21. a4 Ra7) 7... Qa5 ({RR} 7... g6 8. e3 Bf5 9. Qd2 ({RR} 9. Bd3 Bxd3 10. Qxd3 O-O) 9... h5 ({RR} 9... Ne4 10. Nxe4 Bxe4 11. f3 ({RR} 11. Ne2 Bd6 12. f3 Bf5 13. O-O-O) 11... Bf5 12. O-O-O a5) ({RR} 9... O-O 10. g4 Be6 11. Bd3 c5 12. Nge2) 10. Bd3 Bxd3 11. Qxd3 Nbd7 ({RR} 11... Bd6 12. Nf3) 12. Nge2 a5 ({RR} 12... O-O 13. O-O-O ({RR} 13. O-O Re8 14. f3)) 13. O-O O-O 14. f3 b5 ({RR} 14... Re8 15. e4 Nf8) ({RR} 14... h4 15. e4 Nb6) 15. e4 dxe4 16. fxe4 Nc5 17. Qf3 ({RR} 17. Qe3 Ne6 18. Bh6 Re8 19. Rad1) 17... Ne6 ({RR} 17... b4 18. e5 ({RR} 18. dxc5 bxc3 ({RR} 18... Bxc5+ 19. Kh1 bxc3 20. Bg5 ({RR} 20. Rad1 Nd7 21. Qxc3)) 19. Rad1 Qe8 20. Nxc3 Bxc5+ 21. Kh1) 18... Nh7 19. dxc5) 18. Be3 ({RR} 18. Rad1 Nxf4 19. Nxf4) 18... b4 ({RR} 18... Nh7 19. e5 ({RR} 19. Bf2) 19... Rc8) 19. Nb1 ({RR} 19. Na4) 19... Nh7 20. Nd2 Rc8 ({RR} 20... Nhg5 21. Qg3 ({RR} 21. Qf2 f5) 21... Nh7 22. Nc4 ({RR} 22. Qf2 Bh4 23. g3 Bg5 24. Rac1) 22... Bh4 23. Qf3 Nhg5 24. Bxg5 Bxg5 25. Rad1) ({RR} 20... f5 21. exf5 Rxf5 22. Qxc6) ({RR} 20... Bh4) 21. Rad1 Bh4 22. g3 {Carlsen,M (2835)-Aronian,L (2805) Wijk aan Zee 2012 CBM 147 [Stohl,Igor] 1-0 (68)} {RR} Bg5 23. Nc4 Bxe3+ ({RR} 23... h4) 24. Qxe3 Qg5) ({RR} 7... Na6 8. e3 Nb4 9. Qb1 g6 10. g4 h5 11. a3 Na6 12. Bxa6 bxa6 13. g5 Nh7 14. Be5 O-O 15. f4 Bf5 16. Qa2 f6 17. gxf6 Nxf6 18. Nge2 Ne4 19. Nxe4 Bxe4 20. Rg1 Qd7) ({RR} 7... O-O 8. e3 Nbd7 ({RR} 8... Bd6 9. Bxd6 Qxd6 10. Bd3 Be6 11. Nge2 Re8 12. g4 g6 13. Ng3 Na6 14. Bxa6 bxa6 15. g5 Nd7 16. Kf1 c5 17. Rd1 f5 18. Nge2 c4 19. Nf4 Bf7 20. h4 Nb6 21. Kg2 Rab8 22. Rh3 Qe7 23. Rdh1) 9. Nf3 Re8 ({RR} 9... g6 10. Bd3 Nh5 11. Bh2 Ng7 12. O-O Nb6) 10. Bd3 Nf8 11. O-O Ne6 12. Bh2 g6 13. Rab1 Ng7 14. b4 a6 15. Na4 Bf5 16. Nc5 Bxd3 17. Qxd3 Ra7 18. a4 Nf5 19. Rfc1 Ne4 20. Nxe4 dxe4 21. Qxe4 Bxb4 22. Qd3) ({RR} 7... Be6 8. e3 Nbd7 9. Nf3 h6 10. Bd3 Rc8 11. Bh2 a6 12. O-O O-O 13. a3 a5 14. Rae1 c5 15. Qd2 c4 16. Bb1 Re8 17. Ne5 Nxe5 18. dxe5 Nh7 19. Rd1 Rc5 20. f4 f5 21. g4) ({RR} 7... Nbd7 8. e3 Nf8 9. Nf3 Ne6 10. Bh2 O-O 11. Bd3 c5 12. dxc5 Nxc5 13. O-O Be6 14. Rad1 Rc8 15. Qb1 Qb6 16. Rd2 Nxd3 17. Qxd3 Bb4 18. Be5 Ne4 19. Rc2 Bxc3 20. Bxc3 Nxc3 21. bxc3 Bd7 22. Nd4 {Alonso Vargas,D (2157)-Castellanos Gomez,A (2298) Benasque ESP 2026 0-1 (64)}) 8. Bd2 ({RR} 8. e3 Ne4 9. a3 Bf5 10. Bd3 Na6 11. Rc1 Nxc3 12. Qxc3 Qxc3+ 13. Rxc3 Bxd3 14. Rxd3 O-O-O 15. Nf3 Nc7 16. Ke2 Bd6 17. Bxd6 Rxd6 18. Ne5 Rf8 19. Rc3 Nb5 20. Rc2 Re6 21. Kf3 Nd6) ({RR} 8. Nf3 Ne4 9. Bd2 Nxd2 10. Nxd2 g6 11. e3 Bf5 12. Bd3 Bxd3 13. Qxd3 Qd8 14. O-O Nd7 15. Rfc1 O-O 16. Rab1 a5 17. Na4 Nb6 18. Nxb6 Qxb6 19. Nb3 a4) ({RR} 8. e3 Ne4 9. Bd3 Bf5 10. a3 Na6 11. Ra2 Nxc3 12. bxc3 Bxd3 13. Qxd3 Nb8 14. Nf3 Nd7 15. O-O O-O 16. c4 dxc4 17. Qxc4 Nb6 18. Qb3 c5 19. dxc5 Bxc5 20. a4 Rac8 21. Be5 Bb4 22. Rb1 Bc3 {Bluebaum,M (2618)-Meier,G (2636) Magdeburg 2019 ½-½ (33)}) 8... g6 $146 ({RR} 8... O-O 9. e3 Qd8 10. Bd3 b6 11. Nf3 c5 12. dxc5 bxc5 13. b3 Nc6 14. Na4 Nb4 15. Bxb4 cxb4 16. Nd4 Bd7 17. Bb5 Rc8 18. Qd3 Ne4 19. O-O Nc3 20. Nxc3 Rxc3 21. Qe2 Bf6 22. Rad1 Qe7 23. Bxd7 {Wojtaszek,R (2722)-Saric,A (2594) Gjakova 2016 CBM 173 [Baldauf,Marco] 1-0 (36)}) ({RR} 8... Qd8 9. e3 O-O 10. Bd3 c5 11. dxc5 Bxc5 12. Nf3 Nc6 13. a3 h6 14. O-O Be6 15. Nb5 Bb6 16. Bc3 Rc8 17. Qa4 a6 18. Nbd4 Bd7 19. Qb3 Nxd4 20. Nxd4 Ne4 21. Bxe4 dxe4 22. Qd5 Bb5 23. Qxd8 {Cheng,B (2352)-Sandler,L (2265) Melbourne 2012 0-1 (51)}) 9. Nf3 Bf5 10. Qc1 Qb6 11. g4 Be6 12. Bg2 h5 13. g5 Ne4 14. Bf4 Nd7 15. O-O Nd6 16. b3 O-O 17. Rd1 Nf5 18. e3 Rac8 19. Ne2 Rfe8 20. Qd2 a5 21. Nc1 Nd6 22. Nd3 Ne4 23. Qb2 Qd8 24. h4 Bg4 25. Rf1 Bxf3 1/2-1/2

[Event "Olympiad-43"]
[Site "Batumi"]
[Date "2018.10.05"]
[Round "11.2"]
[White "Sargissian, Gabriel"]
[Black "Meier, Georg"]
[Result "1/2-1/2"]
[WhiteElo "2691"]
[BlackElo "2639"]
[PlyCount "63"]
[EventDate "2018.09.24"]
[EventType "team-swiss"]
[EventRounds "11"]
[EventCountry "GEO"]
[SourceTitle "CBM 187"]
[Source "ChessBase"]
[SourceDate "2018.12.11"]
[SourceVersion "1"]
[SourceVersionDate "2018.12.11"]
[SourceQuality "1"]
[WhiteTeam "Armenia"]
[BlackTeam "Germany"]
[WhiteTeamCountry "ARM"]
[BlackTeamCountry "GER"]

1. c4 e6 2. Nc3 d5 3. d4 Be7 4. cxd5 exd5 5. Bf4 c6 6. e3 Bf5 7. g4 Be6 8. Qb3 b5 9. h3 Nd7 10. Nf3 a6 11. Qd1 Ngf6 12. Bd3 c5 13. dxc5 Nxc5 14. Nd4 Rc8 15. f3 $146 ({RR} 15. O-O O-O 16. Rc1 Nxd3 17. Qxd3 Nd7 18. Nce2 Nc5 19. Qb1 Qb6 20. f3 Bf6 21. Bg3 b4 22. Rfd1 g6 23. Kg2 Bg7 24. b3 Bd7 25. Nf4 Qb7 26. Nd3 Nxd3 27. Qxd3 Qb6 28. Qd2 Rfe8 29. Rxc8 Rxc8 {Mchedlishvili,M (2608)-Baryshpolets,A (2603) Ankara 2018 ½-½ (40)}) 15... Nfd7 16. Kf2 Bf6 17. Nce2 O-O 18. Bc2 g6 19. Qd2 Ne5 20. b3 Bd7 21. Rad1 Ne6 22. Nxe6 Bxe6 23. g5 Bg7 24. Bb1 Nc6 25. h4 Qd7 26. h5 Rfd8 27. hxg6 hxg6 28. Nd4 Nxd4 29. exd4 Bf5 30. Kg3 Bxb1 31. Rxb1 Qf5 32. Rbc1 1/2-1/2